[Event "St. Petersburg-ch 2021"]
[Site "St. Petersburg"]
[Date "2021.04.01"]
[Round "8.5"]
[White "Saveliev, Alexei"]
[Black "Donskov, Anatoly"]
[Result "1-0"]
[WhiteElo "2358"]
[BlackElo "2286"]
[Annotator "TA"]
[PlyCount "77"]
[EventDate "2021.03.25"]
[EventType "swiss"]
[EventCountry "RUS"]
[SourceTitle "playchess.com"]
[Source "ChessBase"]
[SourceQuality "1"]

{[%evp 22,77,13,0,2,0,3,0,19,5,0,0,169,120,106,111,91,97,125,36,50,49,100,0,0,-22,8,6,14,0,0,-77,-91,-91,-91,-165,-153,-154,-130,-177,-81,-145,-160,-311,-301,-389,-127,-125,38,28,871,868,1475,1470,1428,1344,1735,1639]} 1. e4 e5 2. Nf3 Nc6 3. Bc4 Nf6 4. d3 Be7 5. O-O d6 6. c3 O-O 7. Re1 Na5 8. Bb5 a6 9. Ba4 b5 10. Bc2 c5 11. Nbd2 Nc6 12. a4 Be6 {C90: Closed Ruy Lopez with 7...d6: Early deviations.} 13. Nf1 h6 14. Ne3 Qb6 {[#] The position is equal.} 15. Nh4 $146 ({Predecessor:} 15. Bb3 Na5 16. Nd5 Qb7 17. Nxe7+ Qxe7 18. Bc2 b4 19. cxb4 cxb4 20. d4 Rfc8 21. h3 Qc7 22. Re2 Bc4 23. Re1 Be6 24. Re2 Bc4 25. Re1 {½-½ (25) Smirin,I (2650)-Bacrot,E (2709) Odessa 2007}) 15... Nxe4 16. Nhf5 Ng5 (16... Nf6 $11 {and Black stays safe.}) 17. h4 Nh7 18. Qf3 Rae8 19. Qg3 {[%csl Gf5][%cal Rg3g7]} g6 20. Nxh6+ (20. h5 $16 Ng5 21. Nxh6+ Kg7 22. d4 cxd4 23. Nef5+ $1 {[%mdl 512]} gxf5 24. Bxg5) 20... Kh8 $14 21. h5 {Threatens to win with axb5.} Bg5 22. Neg4 (22. axb5 $1 $16 axb5 23. Nc4 $1 bxc4 24. Bxg5) 22... Bxc1 $1 $11 23. Raxc1 gxh5 24. Ne3 {next axb5 is good for White.} Qd8 {Hoping for ...Qf6.} 25. axb5 axb5 {aiming for ...Qf6.} 26. Nhf5 (26. Qf3 $11 {remains equal.}) 26... Rg8 $17 27. Qf3 {[%mdl 64] Double Attack} d5 28. d4 (28. Qxh5 $2 d4 $19) (28. Bb3 $17 {keeps fighting.}) 28... e4 $19 (28... exd4 29. cxd4 cxd4 30. Nf1 $15) 29. Qxh5 Rg5 30. Qh6 {[#]} Rg6 (30... Reg8 $1 $19 {and Black stays clearly on top.} 31. f3 (31. dxc5 $2 Bxf5 32. Rcd1 Ne5 $19) 31... Bxf5 32. Nxf5 (32. Qxc6 $2 Rxg2+ {[%mdl 64] Clearance} 33. Nxg2 Qg5 $19) 32... Rxf5 33. fxe4 Rf6) 31. Qf4 ({Better is} 31. Qh4 Bxf5 32. Qxd8 (32. Nxf5 Rg5 $17) 32... Rxd8 33. Nxf5) 31... Qf6 $17 {[%cal Rc5d4]} 32. f3 $2 (32. Qh4 $17 Bxf5 33. Qxf6+ Rxf6 34. Nxd5 cxd4 35. Nxf6 Nxf6 36. cxd4) 32... cxd4 $19 33. cxd4 Nxd4 $2 (33... Bxf5 $19 34. Qxf5 Qh4 35. fxe4 (35. Qxd5 $2 Ng5 $19) (35. Qxf7 $2 Reg8 $19) 35... Ng5) 34. fxe4 $17 Ng5 $2 ({Black should try} 34... dxe4 $17 35. Bxe4 (35. Qxe4 $2 Nxf5 36. Nxf5 Reg8 $19) 35... Bxf5 36. Bxf5 Reg8 {[%mdl 64] Remove Defender}) 35. Ng4 $1 $14 Nxc2 $2 {[%mdl 8192] Loses the game.} (35... Nh3+ $11 36. gxh3 Nxc2) 36. Qh2+ $18 {White is clearly winning.} ({Worse is} 36. Rxc2 Qd8 $11) ({And not} 36. Nxf6 Nh3+ 37. Kh1 Nxf4 $17) 36... Nh7 37. Nxf6 Rxf6 38. Nd6 {[%mdl 64] Double Attack} Nxe1 39. Nxe8 {Weighted Error Value: White=0.37/Black=0.40} 1-0

[Event "St. Petersburg-ch 2021"]
[Site "St. Petersburg"]
[Date "2021.04.01"]
[Round "8.6"]
[White "Levin, Evgeny A."]
[Black "Vlasenko, Miroslav"]
[Result "1/2-1/2"]
[WhiteElo "2502"]
[BlackElo "2433"]
[Annotator "TA"]
[PlyCount "120"]
[EventDate "2021.03.25"]
[EventType "swiss"]
[EventCountry "RUS"]
[SourceTitle "playchess.com"]
[Source "ChessBase"]
[SourceQuality "1"]

{[%evp 9,120,40,11,30,40,0,6,-35,-18,-51,-31,-41,-49,-54,0,-17,-16,0,-16,-29,-30,-16,0,0,0,0,0,0,0,0,6,0,0,0,0,0,0,0,0,0,-18,-41,-35,-35,-37,-40,-41,-43,-46,-64,-64,-66,-66,-68,-77,-110,-74,-100,-93,-93,-64,-64,-64,-64,-64,-64,-64,-64,-36,-64,-64,-64,-64,-64,-64,-64,-64,-64,-64,-64,-64,-64,-18,-18,-18,-18,-18,-64,-64,-64,-64,-64,-64,-64,-64,-64,-64,-64,-64,-64,-22,-29,-29,-63,-8,-8,-8,-8,-8,-8,-8,-470,-8]} 1. d4 f5 2. c4 Nf6 3. Nc3 g6 4. h4 d6 5. h5 Nxh5 6. e4 {aiming for exf5. A85: Dutch Defence: 2 c4 Nf6 3 Nc3.} Nf6 7. exf5 Bxf5 8. Bd3 {[#] The position is equal.} Qd7 $146 ({Predecessor:} 8... Bxd3 9. Qxd3 Bg7 10. Nf3 Nc6 11. a3 Qd7 12. Bg5 Qf5 13. Qe2 O-O-O 14. d5 Na5 {0-1 (54) Wei,N (1858)-Regan,N (1973) Solihull 2018}) 9. Nge2 Na6 10. Bxf5 Qxf5 11. d5 e5 (11... Bg7 $15) 12. Ng3 (12. f3 {seems wilder.} Nc5 13. Be3 h5 14. Ng3 Qd3 15. Bxc5 Qxd1+ 16. Kxd1 dxc5 17. Kc2) 12... Qg4 13. Qxg4 Nxg4 14. f3 Nf6 15. Bg5 Ng8 16. Nge4 Be7 17. Be3 Nf6 18. Nxf6+ Bxf6 19. Ne4 Be7 20. Rh6 O-O 21. Ke2 Rf7 22. a3 Nb8 23. b4 a5 24. Rhh1 Nd7 25. bxa5 Rxa5 26. a4 Rf8 27. Bd2 Ra6 28. a5 Rfa8 29. Rhb1 b6 30. Rb5 h5 31. Kd3 Kf7 32. Bc3 Ke8 (32... g5 {is interesting.} 33. Ke2 h4 34. Bd2 Kg6 35. Kf1 Rf8) 33. axb6 {[#] Strongly threatening Rxa6.} Rxa1 34. Bxa1 cxb6 ({Of course not} 34... Rxa1 $6 35. bxc7 Ra3+ 36. Kc2 $14) 35. Bc3 Kd8 36. Rb1 Kc7 37. Ra1 Rxa1 38. Bxa1 $15 {[%mdl 4096] Endgame KBN-KBN} Nf6 39. Bc3 Nxe4 40. Kxe4 {KB-KB} Kb7 41. Kd3 Ka6 42. Bb4 b5 43. Bd2 Kb6 44. Bb4 Bf8 45. Bd2 Kc5 46. Be3+ Kb4 47. cxb5 Kxb5 48. Bf2 Be7 49. Be3 Bd8 50. Bf2 Bb6 51. Bh4 Bg1 52. Be7 Kc5 53. Ke4 Bf2 54. Bg5 Kc4 55. Be7 Bc5 56. g4 Bb4 ({Black should try} 56... hxg4 $15 57. fxg4 Ba3) 57. gxh5 $11 gxh5 58. f4 exf4 59. Kxf4 Bd2+ 60. Kg3 $2 {[%mdl 8192] [#]} (60. Ke4 $11 {and White has nothing to worry.}) 60... Kxd5 $2 {Weighted Error Value: White=0.18/Black=0.07} (60... Be1+ $19 61. Kg2 h4) 1/2-1/2

[Event "St. Petersburg-ch 2021"]
[Site "St. Petersburg"]
[Date "2021.04.02"]
[Round "9.1"]
[White "Goganov, Aleksey"]
[Black "Saveliev, Alexei"]
[Result "1/2-1/2"]
[WhiteElo "2575"]
[BlackElo "2358"]
[Annotator "RC"]
[PlyCount "63"]
[EventDate "2021.03.25"]
[EventType "swiss"]
[EventCountry "RUS"]
[SourceTitle "playchess.com"]
[Source "ChessBase"]
[SourceQuality "1"]
[TimeControl "40/5400+30:1800+30"]

1. d4 {[%emt 0:00:00]} Nf6 {[%emt 0:01:10]} 2. c4 {[%emt 0:01:43]} e6 {[%emt 0:00:07]} 3. Nf3 {[%emt 0:00:04]} b6 {[%emt 0:00:17]} 4. g3 {[%emt 0:00:05]} Bb7 {[%emt 0:00:07]} 5. Bg2 {[%emt 0:00:06]} Be7 {[%emt 0:00:07]} 6. O-O {[%emt 0:00:06]} O-O {[%emt 0:00:04]} 7. h4 {[%emt 0:00:29]} Qc8 {[%emt 0:05:52]} 8. Nc3 {[%emt 0:14:49]} Ne4 {[%emt 0:02:14]} 9. Nxe4 {[%emt 0:01:34]} Bxe4 {[%emt 0:00:05]} 10. Ne1 {[%emt 0:04:54]} Bxg2 {[%emt 0:02:56]} 11. Nxg2 {[%emt 0:00:05]} d5 {[%emt 0:03:11]} 12. cxd5 {[%emt 0:05:44]} exd5 {[%emt 0:00:24]} 13. Bg5 {[%emt 0:15:03]} Bxg5 {[%emt 0:14:07]} 14. hxg5 {[%emt 0:00:05]} Nc6 {[%emt 0:00:07]} 15. Rc1 {[%emt 0:06:53]} Ne7 {[%emt 0:00:26]} 16. Nf4 {[%emt 0:05:59]} c6 {[%emt 0:08:27]} 17. e3 {[%emt 0:03:23]} f6 {[%emt 0:11:23]} 18. gxf6 {[%emt 0:00:28]} Rxf6 {[%emt 0:00:03]} 19. Kg2 {[%emt 0:00:39]} Qd7 {[%emt 0:00:45]} 20. Nd3 {[%emt 0:10:50]} Rh6 {[%emt 0:11:30]} 21. Rh1 {[%emt 0:00:29]} Rxh1 {[%emt 0:00:05]} 22. Qxh1 {[%emt 0:01:38]} Qf5 {[%emt 0:00:21]} 23. Ne5 {[%emt 0:03:55]} Rf8 {[%emt 0:03:13]} 24. f4 {[%emt 0:05:16]} c5 {[%emt 0:05:25]} 25. dxc5 {[%emt 0:00:05]} bxc5 {[%emt 0:01:19]} 26. Rxc5 {[%emt 0:00:09]} Qe4+ {[%emt 0:02:14]} 27. Kh2 {[%emt 0:00:06]} Qxe3 {[%emt 0:00:03]} 28. Rc7 {[%emt 0:05:38]} Rf6 {[%emt 0:11:57]} 29. Rc8+ {[%emt 0:00:18]} Rf8 {[%emt 0:00:19]} 30. Rc7 {[%emt 0:00:04]} Rf6 {[%emt 0:00:02]} 31. Rc8+ {[%emt 0:06:42]} Rf8 {[%emt 0:00:05]} 32. Rc7 {[%emt 0:08:41]} 1/2-1/2

[Event "St. Petersburg-ch 2021"]
[Site "St. Petersburg"]
[Date "2021.04.02"]
[Round "9.2"]
[White "Epishin, Vladimir"]
[Black "Alekseev, Evgeny"]
[Result "1/2-1/2"]
[WhiteElo "2527"]
[BlackElo "2619"]
[Annotator "TA"]
[PlyCount "81"]
[EventDate "2021.03.25"]
[EventType "swiss"]
[EventCountry "RUS"]
[SourceTitle "playchess.com"]
[Source "ChessBase"]
[SourceQuality "1"]

{[%evp 11,81,-18,-18,-14,-13,-18,-17,-39,-37,-33,-34,-42,-32,-54,-50,-62,-65,-70,0,-32,-30,-25,-26,-43,-27,-34,-30,-37,-39,-42,-33,-35,-36,-36,-38,-77,-15,-22,0,0,0,0,0,0,0,0,0,0,0,0,0,0,0,0,0,0,0,0,0,0,0,0,0,0,0,0,0,0,0,0,0,0]} 1. d4 Nf6 2. c4 e6 3. Nc3 Bb4 4. Qb3 c5 5. dxc5 Nc6 6. Bg5 h6 7. Bxf6 {E23: Nimzo-Indian: 4 Qb3 c5 5 dxc5 Nc6.} Qxf6 8. Nf3 Bxc3+ 9. bxc3 {[#]} Qe7 $146 ({Predecessor:} 9... b6 10. cxb6 axb6 11. e3 Ne5 12. Nxe5 Qxe5 13. Bd3 Qd6 14. Be2 Bb7 15. O-O Ra3 {½-½ (34) Nemeth,L (1294)-Cuttica,G (1405) Chessfriend.com 2003}) 10. Qb5 b6 11. cxb6 {[#] Black must now prevent b7.} Qa3 12. Qb3 axb6 {And now ...Qxb3 would win.} 13. Nd2 Qxb3 14. Nxb3 Na5 (14... Ra3 $15) 15. Nd2 Kd8 {[%mdl 1024] Black has compensation.} 16. e4 Kc7 17. Bd3 Bb7 18. O-O-O Bc6 19. h4 Nb7 20. Bb1 Nc5 21. Rh3 g6 22. g4 f6 23. f4 Raf8 ({Better is} 23... h5 $17 24. g5 f5) 24. Rg1 $11 {The position is equal.} Rhg8 25. Bc2 f5 26. exf5 exf5 27. Rhg3 {[#] Threatens to win with gxf5.} fxg4 28. Rxg4 h5 29. Rxg6 Rxg6 30. Bxg6 Rxf4 31. Bxh5 Rxh4 32. Bg6 Rh3 33. Kc2 Ba4+ 34. Kb2 Rh2 35. Kc1 Rh3 36. Kb2 Rh2 37. Kc1 Rh3 38. Kb2 Rh2 39. Kc1 Rh3 40. Kb2 Rh2 41. Kc1 {Weighted Error Value: White=0.04/Black=0.07} 1/2-1/2

[Event "St. Petersburg-ch 2021"]
[Site "St. Petersburg"]
[Date "2021.04.02"]
[Round "9.3"]
[White "Timerkhanov, Alexander"]
[Black "Shubin, Kirill"]
[Result "1/2-1/2"]
[WhiteElo "2400"]
[BlackElo "2466"]
[Annotator "ChessBase"]
[PlyCount "80"]
[EventDate "2021.03.25"]
[EventType "swiss"]
[EventCountry "RUS"]
[SourceTitle "playchess.com"]
[Source "ChessBase"]
[SourceQuality "1"]
[TimeControl "40/5400+30:1800+30"]

1. c4 {[%emt 0:00:00]} e5 {[%emt 0:00:00]} 2. a3 {[%emt 0:00:00]} a5 {[%emt 0:00:00]} 3. e3 {[%emt 0:00:39]} Nc6 {[%emt 0:01:15]} 4. Nc3 {[%emt 0:00:14]} g6 {[%emt 0:00:31]} 5. g3 {[%emt 0:01:28]} Bg7 {[%emt 0:00:07]} 6. Bg2 {[%emt 0:00:06]} Nge7 {[%emt 0:01:12]} 7. Nge2 {[%emt 0:00:11]} d6 {[%emt 0:00:06]} 8. Rb1 {[%emt 0:01:00]} Be6 {[%emt 0:05:35]} 9. Nd5 {[%emt 0:00:16]} Qd7 {[%emt 0:00:33]} 10. O-O {[%emt 0:02:57]} O-O {[%emt 0:01:43]} 11. b4 {[%emt 0:04:50]} axb4 {[%emt 0:00:24]} 12. axb4 {[%emt 0:00:07]} Bf5 {[%emt 0:02:55]} 13. e4 {[%emt 0:11:00]} Be6 {[%emt 0:04:55]} 14. d3 {[%emt 0:01:51]} Nd4 {[%emt 0:03:52]} 15. Nxd4 {[%emt 0:01:26]} exd4 {[%emt 0:00:03]} 16. Nf4 {[%emt 0:02:59]} b5 {[%emt 0:09:08]} 17. Nxe6 {[%emt 0:00:56]} fxe6 {[%emt 0:02:35]} 18. cxb5 {[%emt 0:04:02]} e5 {[%emt 0:00:32]} 19. Qb3+ {[%emt 0:00:31]} Kh8 {[%emt 0:00:04]} 20. Bg5 {[%emt 0:01:08]} h6 {[%emt 0:00:27]} 21. Bxe7 {[%emt 0:01:01]} Qxe7 {[%emt 0:00:04]} 22. Rfc1 {[%emt 0:02:45]} h5 {[%emt 0:00:18]} 23. Rc6 {[%emt 0:01:29]} Bh6 {[%emt 0:00:09]} 24. Qc2 {[%emt 0:03:55]} Rf7 {[%emt 0:00:15]} 25. b6 {[%emt 0:07:10]} cxb6 {[%emt 0:00:20]} 26. Rc8+ {[%emt 0:00:05]} Rxc8 {[%emt 0:00:04]} 27. Qxc8+ {[%emt 0:00:04]} Qf8 {[%emt 0:01:15]} 28. Qxf8+ {[%emt 0:00:04]} Rxf8 {[%emt 0:00:06]} 29. Ra1 {[%emt 0:00:43]} Bd2 {[%emt 0:00:09]} 30. Ra6 {[%emt 0:01:44]} Bxb4 {[%emt 0:00:06]} 31. Rxb6 {[%emt 0:00:04]} Bc5 {[%emt 0:00:02]} 32. Rc6 {[%emt 0:00:59]} Kg7 {[%emt 0:00:35]} 33. Bh3 {[%emt 0:00:19]} Kf6 {[%emt 0:00:22]} 34. Rc8 {[%emt 0:00:58]} Rxc8 {[%emt 0:00:03]} 35. Bxc8 {[%emt 0:00:03]} Bb4 {[%emt 0:00:03]} 36. Ba6 {[%emt 0:00:05]} Bc5 {[%emt 0:00:03]} 37. Bc4 {[%emt 0:00:05]} Bb4 {[%emt 0:00:03]} 38. Kg2 {[%emt 0:00:05]} Bc5 {[%emt 0:00:04]} 39. h3 {[%emt 0:00:04]} Bb4 {[%emt 0:00:03]} 40. f3 {[%emt 0:00:00]} Bc5 {[%emt 0:00:00]} 1/2-1/2

[Event "St. Petersburg-ch 2021"]
[Site "St. Petersburg"]
[Date "2021.04.02"]
[Round "9.4"]
[White "Usmanov, Vasily"]
[Black "Askerov, Marat"]
[Result "0-1"]
[WhiteElo "2447"]
[BlackElo "2353"]
[Annotator "ChessBase"]
[PlyCount "96"]
[EventDate "2021.03.25"]
[EventType "swiss"]
[EventCountry "RUS"]
[SourceTitle "playchess.com"]
[Source "ChessBase"]
[SourceQuality "1"]
[TimeControl "40/5400+30:1800+30"]

1. d4 {[%emt 0:03:43]} e6 {[%emt 0:00:00]} 2. c4 {[%emt 0:00:11]} Nf6 {[%emt 0:00:00]} 3. Nc3 {[%emt 0:00:03]} Bb4 {[%emt 0:00:00]} 4. Qc2 {[%emt 0:00:05]} O-O {[%emt 0:09:44]} 5. a3 {[%emt 0:00:27]} Bxc3+ {[%emt 0:00:22]} 6. Qxc3 {[%emt 0:00:02]} d5 {[%emt 0:00:12]} 7. Nf3 {[%emt 0:00:23]} dxc4 {[%emt 0:03:07]} 8. Qxc4 {[%emt 0:00:19]} b6 {[%emt 0:00:06]} 9. h4 {[%emt 0:00:05]} Ba6 {[%emt 0:01:18]} 10. Qc2 {[%emt 0:00:05]} Nbd7 {[%emt 0:02:13]} 11. h5 {[%emt 0:02:10]} h6 {[%emt 0:02:43]} 12. Rh4 {[%emt 0:01:38]} c5 {[%emt 0:02:51]} 13. g4 {[%emt 0:25:48]} Nh7 {[%emt 0:08:13]} 14. dxc5 {[%emt 0:24:40]} Rc8 {[%emt 0:09:07]} 15. c6 {[%emt 0:00:10]} Bb7 {[%emt 0:04:02]} 16. g5 {[%emt 0:00:05]} Bxc6 {[%emt 0:04:38]} 17. Qc3 {[%emt 0:14:14]} Bxf3 {[%emt 0:11:35]} 18. Qxf3 {[%emt 0:00:03]} Nxg5 {[%emt 0:00:13]} 19. Qg3 {[%emt 0:00:14]} Nc5 {[%emt 0:07:38]} 20. Bg2 {[%emt 0:00:28]} e5 {[%emt 0:02:30]} 21. Bd2 {[%emt 0:01:01]} f5 {[%emt 0:02:59]} 22. Rd1 {[%emt 0:01:43]} f4 {[%emt 0:01:13]} 23. Qg4 {[%emt 0:00:05]} Qe7 {[%emt 0:02:35]} 24. Bd5+ {[%emt 0:01:07]} Kh8 {[%emt 0:00:10]} 25. f3 {[%emt 0:01:06]} Rcd8 {[%emt 0:03:58]} 26. Bc3 {[%emt 0:01:14]} a5 {[%emt 0:00:38]} 27. b3 {[%emt 0:05:06]} Rd6 {[%emt 0:08:35]} 28. Bc4 {[%emt 0:00:02]} Rxd1+ {[%emt 0:00:13]} 29. Kxd1 {[%emt 0:00:01]} b5 {[%emt 0:00:33]} 30. Bxb5 {[%emt 0:00:18]} Nxb3 {[%emt 0:00:06]} 31. Bd3 {[%emt 0:02:02]} Qxa3 {[%emt 0:00:41]} 32. Kc2 {[%emt 0:02:23]} Nd4+ {[%emt 0:03:21]} 33. Kd2 {[%emt 0:00:30]} Nb3+ {[%emt 0:01:12]} 34. Kc2 {[%emt 0:00:19]} Rb8 {[%emt 0:01:21]} 35. Rh1 {[%emt 0:00:05]} Qa2+ {[%emt 0:02:59]} 36. Kd1 {[%emt 0:00:13]} Nd4 {[%emt 0:00:45]} 37. Bxd4 {[%emt 0:01:38]} Qa4+ {[%emt 0:03:58]} 38. Kd2 {[%emt 0:00:05]} Qxd4 {[%emt 0:00:50]} 39. Rc1 {[%emt 0:00:04]} Rd8 {[%emt 0:00:41]} 40. Ke1 {[%emt 0:00:00]} e4 {[%emt 0:00:00]} 41. fxe4 {[%emt 0:06:08]} Nxe4 {[%emt 0:07:33]} 42. Bxe4 {[%emt 0:00:57]} Qd2+ {[%emt 0:02:00]} 43. Kf2 {[%emt 0:00:04]} Qxc1 {[%emt 0:00:32]} 44. Bd3 {[%emt 0:05:23]} Qe3+ {[%emt 0:01:35]} 45. Kf1 {[%emt 0:00:01]} f3 {[%emt 0:00:46]} 46. Qf5 {[%emt 0:00:06]} fxe2+ {[%emt 0:00:17]} 47. Ke1 {[%emt 0:00:03]} Qxd3 {[%emt 0:01:31]} 48. Qf8+ {[%emt 0:00:06]} Kh7 {[%emt 0:00:03]} 0-1

[Event "St. Petersburg-ch 2021"]
[Site "St. Petersburg"]
[Date "2021.04.02"]
[Round "9.5"]
[White "Lobanov, Sergei"]
[Black "Levin, Evgeny A."]
[Result "1/2-1/2"]
[WhiteElo "2520"]
[BlackElo "2502"]
[Annotator "ChessBase"]
[PlyCount "52"]
[EventDate "2021.03.25"]
[EventType "swiss"]
[EventCountry "RUS"]
[SourceTitle "playchess.com"]
[Source "ChessBase"]
[SourceQuality "1"]
[TimeControl "40/5400+30:1800+30"]

1. e4 {[%emt 0:00:00]} e5 {[%emt 0:04:43]} 2. Bc4 {[%emt 0:00:02]} Nf6 {[%emt 0:00:30]} 3. d3 {[%emt 0:00:18]} c6 {[%emt 0:04:40]} 4. Nf3 {[%emt 0:00:04]} Be7 {[%emt 0:03:03]} 5. O-O {[%emt 0:02:34]} d6 {[%emt 0:00:07]} 6. Re1 {[%emt 0:01:13]} O-O {[%emt 0:00:06]} 7. Nbd2 {[%emt 0:00:22]} Nbd7 {[%emt 0:06:29]} 8. a3 {[%emt 0:03:15]} Qc7 {[%emt 0:15:45]} 9. Ba2 {[%emt 0:06:02]} Nc5 {[%emt 0:09:45]} 10. Nf1 {[%emt 0:05:09]} Be6 {[%emt 0:01:53]} 11. Ng3 {[%emt 0:02:11]} Bxa2 {[%emt 0:00:59]} 12. Rxa2 {[%emt 0:00:01]} Rfe8 {[%emt 0:01:15]} 13. c3 {[%emt 0:07:19]} Bf8 {[%emt 0:01:59]} 14. Bg5 {[%emt 0:04:30]} Ncd7 {[%emt 0:00:55]} 15. d4 {[%emt 0:08:22]} h6 {[%emt 0:00:29]} 16. Bxf6 {[%emt 0:00:33]} Nxf6 {[%emt 0:00:05]} 17. Ra1 {[%emt 0:00:11]} Rad8 {[%emt 0:01:23]} 18. Qc2 {[%emt 0:01:01]} g6 {[%emt 0:00:56]} 19. Rad1 {[%emt 0:06:09]} h5 {[%emt 0:02:47]} 20. Qc1 {[%emt 0:10:59]} Ng4 {[%emt 0:01:11]} 21. Rd3 {[%emt 0:00:15]} Bh6 {[%emt 0:00:58]} 22. Qd1 {[%emt 0:00:17]} Bf4 {[%emt 0:04:18]} 23. Ne2 {[%emt 0:02:02]} Bh6 {[%emt 0:00:23]} 24. Ng3 {[%emt 0:00:09]} Bf4 {[%emt 0:00:04]} 25. Ne2 {[%emt 0:09:53]} Bh6 {[%emt 0:00:07]} 26. Ng3 {[%emt 0:10:20]} Bf4 {[%emt 0:00:10]} 1/2-1/2

[Event "St. Petersburg-ch 2021"]
[Site "St. Petersburg"]
[Date "2021.04.02"]
[Round "9.6"]
[White "Vlasenko, Miroslav"]
[Black "Palchun, Grigory"]
[Result "1/2-1/2"]
[WhiteElo "2433"]
[BlackElo "2348"]
[Annotator "ChessBase"]
[PlyCount "110"]
[EventDate "2021.03.25"]
[EventType "swiss"]
[EventCountry "RUS"]
[SourceTitle "playchess.com"]
[Source "ChessBase"]
[SourceQuality "1"]
[TimeControl "40/5400+30:1800+30"]

1. e4 {[%emt 0:00:39]} e5 {[%emt 0:02:58]} 2. Nc3 {[%emt 0:00:09]} Nf6 {[%emt 0:00:21]} 3. Bc4 {[%emt 0:00:08]} Bc5 {[%emt 0:10:33]} 4. f4 {[%emt 0:00:53]} d5 {[%emt 0:14:02]} 5. exd5 {[%emt 0:00:17]} e4 {[%emt 0:00:54]} 6. d4 {[%emt 0:00:07]} exd3 {[%emt 0:00:33]} 7. Qxd3 {[%emt 0:00:20]} O-O {[%emt 0:00:11]} 8. Nge2 {[%emt 0:00:56]} Ng4 {[%emt 0:13:51]} 9. Rf1 {[%emt 0:12:20]} Re8 {[%emt 0:04:05]} 10. Bd2 {[%emt 0:07:15]} Ne3 {[%emt 0:17:55]} 11. Bxe3 {[%emt 0:00:37]} Rxe3 {[%emt 0:00:04]} 12. Qd2 {[%emt 0:00:36]} Re8 {[%emt 0:00:19]} 13. d6 {[%emt 0:06:02]} c6 {[%emt 0:10:02]} 14. Qd3 {[%emt 0:12:17]} b5 {[%emt 0:04:54]} 15. Bb3 {[%emt 0:02:29]} Na6 {[%emt 0:06:13]} 16. Qf3 {[%emt 0:16:32]} Qxd6 {[%emt 0:00:42]} 17. Ne4 {[%emt 0:03:59]} Qe7 {[%emt 0:04:05]} 18. Nxc5 {[%emt 0:02:45]} Nxc5 {[%emt 0:00:11]} 19. O-O-O {[%emt 0:01:10]} Nxb3+ {[%emt 0:01:28]} 20. axb3 {[%emt 0:00:25]} Bb7 {[%emt 0:01:06]} 21. Ng3 {[%emt 0:06:24]} c5 {[%emt 0:00:09]} 22. Qg4 {[%emt 0:00:21]} Rad8 {[%emt 0:01:00]} 23. f5 {[%emt 0:01:49]} Qe3+ {[%emt 0:02:38]} 24. Kb1 {[%emt 0:00:11]} Rd4 {[%emt 0:00:26]} 25. Rxd4 {[%emt 0:03:08]} Qxd4 {[%emt 0:00:02]} 26. Qxd4 {[%emt 0:00:34]} cxd4 {[%emt 0:00:01]} 27. Rd1 {[%emt 0:00:44]} Bxg2 {[%emt 0:00:27]} 28. Rxd4 {[%emt 0:01:21]} g6 {[%emt 0:00:25]} 29. Rd7 {[%emt 0:02:51]} a5 {[%emt 0:01:15]} 30. Kc1 {[%emt 0:01:32]} Kg7 {[%emt 0:00:25]} 31. Rd6 {[%emt 0:01:05]} h5 {[%emt 0:00:54]} 32. fxg6 {[%emt 0:02:11]} fxg6 {[%emt 0:00:03]} 33. Kd2 {[%emt 0:00:19]} Re5 {[%emt 0:01:21]} 34. c4 {[%emt 0:00:25]} Rc5 {[%emt 0:01:20]} 35. Rd4 {[%emt 0:00:43]} Kf6 {[%emt 0:00:38]} 36. h4 {[%emt 0:00:55]} Ke5 {[%emt 0:00:42]} 37. Ke3 {[%emt 0:00:30]} Rc7 {[%emt 0:00:28]} 38. Ne2 {[%emt 0:01:20]} bxc4 {[%emt 0:00:40]} 39. bxc4 {[%emt 0:00:30]} Rb7 {[%emt 0:00:32]} 40. Nf4 {[%emt 0:00:00]} Rb3+ {[%emt 0:00:00]} 41. Nd3+ {[%emt 0:01:28]} Kf5 {[%emt 0:03:18]} 42. Rf4+ {[%emt 0:00:45]} Ke6 {[%emt 0:00:04]} 43. Kd4 {[%emt 0:01:11]} Ke7 {[%emt 0:01:10]} 44. Rf2 {[%emt 0:01:02]} Bh3 {[%emt 0:01:52]} 45. Ne5 {[%emt 0:03:35]} Bf5 {[%emt 0:01:23]} 46. Nc6+ {[%emt 0:01:02]} Kd6 {[%emt 0:00:25]} 47. Ne5 {[%emt 0:00:25]} a4 {[%emt 0:02:59]} 48. c5+ {[%emt 0:01:11]} Kc7 {[%emt 0:00:27]} 49. Kd5 {[%emt 0:02:35]} a3 {[%emt 0:06:26]} 50. bxa3 {[%emt 0:00:18]} Rxa3 {[%emt 0:00:02]} 51. Rf4 {[%emt 0:03:04]} Ra1 {[%emt 0:02:30]} 52. Nf3 {[%emt 0:01:31]} Rf1 {[%emt 0:01:33]} 53. Ke5 {[%emt 0:00:07]} Rc1 {[%emt 0:00:06]} 54. Kd5 {[%emt 0:02:26]} Rf1 {[%emt 0:00:04]} 55. Ke5 {[%emt 0:00:33]} Rc1 {[%emt 0:17:18]} 1/2-1/2